000 00592nam a2200229Ia 4500
003 OSt
005 20220928135458.0
006 a|||||r|||| 00| 0
007 ta
008 220927b |||||||| |||| 00| 0 eng d
024 _a2458
037 _cTextual
040 _aSDCL
_cSDCL
_beng
041 _2eng
_aeng
082 _aO-,1K:gx, L0
100 _aBradbury Malcolm Ed.
245 0 _aMetaphysical poetry
260 _c1970
700 _a Palmer David Ed.
_9410882
942 _hO-,1K:gx, L0
_cTEXL
_2CC
999 _c806269
_d806269